000 00189 a2200097 4500
020 _a9780064443104
041 _aspa
100 _aSatin Capucilli, Alyssa
245 _aBizcocho
942 _cBK
999 _c30115
_d30113